Italian Brainrot by Picture - Sudden Death - Statistics

General Stats
  • This quiz has been taken 7,134 times
  • The average score is 4 of 15
Answers on the Grid
Answers color-coded by a green-red scale on the quiz's grid according to % correct below.
 
Answer Stats
Answer % Correct
43%
37%
36%
33%
32%
31%
27%
27%
22%
21%
19%
16%
10%
5%
5%
No matching quizzes found
Score Distribution
Percent of People with Each Score
Percentile by Number Answered
Your Score History
You have not taken this quiz